000 nam a22 7a 4500
999 _c9819
_d9819
008 180208b ||||| |||| 00| 0 eng d
100 _aNCERT
_95909
245 _aContemporary World Politics-XII
260 _aNew Delhi
_bNCERT
_c2010